Регионална библиотека "Любен Каравелов" - Русе

Еволюцията на капитала (Запис номер 401691)

MARC детайли
000 -Лидер
Контролно поле с фиксирана дължина nam a22 a 4500
003 - Код на организацията, давaща контролен номер
Контролно поле BLK
005 - Дата и час на последна редакция
Контролно поле 20210331101647.0
008 - Елементи от данни с фиксирана дължина
fixed length control field 210322b bu |||||r|||| 00| | bu d
040 ## - Източник на каталожния запис
Идентификатор на билиотеката - собственик на записа BLK
041 ## - Код за език
Код за езика на текст/звукозапис или на отделно заглавие Български
Код за езика КДБФ Български
080 ## - УДК
Текстов определител УДК Марксизъм-ленинизъм. Научен комунизъм
УДК код - определител по УДК 141.82
УДК - код + определител 141.82
100 ## - Редна дума - Автор
R(LIN) 1299
Автор Дьовил, Габриел
Авторска отговорност първи автор
139 ## - Редно поле
Редна дума Дьовил, Габриел
245 ## - Сведения за заглавието
Заглавие Еволюцията на капитала
Подзаглавни данни Попул. изложение на истор. и екон. взглядове на Карл Маркса
Редно поле (дума) Габриел Девил ; Прев. от фр.
260 ## - Област на издателските данни
Място на издаване, разпространение и проч. Севлиево
Име на издателя, разпространителя и проч. б.и.
Година на издаване 1892
Печатница Севлиево : Скоропеч. П. Мутафов и сие
300 ## - Физическа характеристика
Страници 40, 164 с.
Размери/Мащаб 20 см
380 ## - Жанр
Жанр Философия
490 ## - СЕРИИ (Колекции)
9 (RLIN) 435080
Име на серия Колекция Редки и ценни издания
500 ## - Общи забележки
Забележка екз. с инв. N 12064 и сигн. Рб 892 подвързан с 2 книги
505 ## - Форматирана забележка
Авторската отговорност Леон Ришер
Заглавие Свободната жена
505 ## - Форматирана забележка
Авторската отговорност Василий Иванович Лядов
Заглавие Ръководство към въспитание и обучение на децата
600 #0 - Име на лице, използвано като предмет
9 (RLIN) 365572
За него / За нея Маркс, Карл
650 #0 - Допълнително описание по предмет – тема
9 (RLIN) 250564
Основно описание – тема или топоним Марксизъм-ленинизъм
700 ## - Други автори (авторска отговорност)
9 (RLIN) 1177
Лично име Балабанов, Слави Христов
Автороска отговорност (Описва отношението между автора и произведението) прев. от фр.
852 ## - Местоположение
Форматна сигнатура Рб 892
Фондова буква Хранилище
852 ## - Местоположение
Форматна сигнатура Рб 892
Фондова буква Редки и ценни
999 ## - СИСТЕМНИ КОНТРОЛНИ НОМЕРА
Koha biblionumber 401691
Koha biblioitemnumber 401691
942 ## - АРТИКУЛИ
Вид на библиотечния материал Книги
Скрит в OPAC Не
Периодичен библиозапис Да
944 ## - СЪЗДАВАНЕ И РЕДАКЦИЯ на ЗАПИСА
Създаване/Редакция Създаване
Дата на регистрацията/редакция 2021-03-26
Служител, извършил регистрацията/редакцията ВЙ
999 ## - СИСТЕМНИ КОНТРОЛНИ НОМЕРА
Koha biblioitemnumber 401691
999 ## - СИСТЕМНИ КОНТРОЛНИ НОМЕРА
Koha biblioitemnumber 401691
999 ## - СИСТЕМНИ КОНТРОЛНИ НОМЕРА
Koha biblioitemnumber 401691
Наличности
Код за отписване Код за изгубен артикул Източник на класификационната схема Код за повреда Коз за рестрикции Код за отдаване Артикулен № Име на библиотеката - собственик Име на библиотеката, в която се намира в момента Статус (Текущо местоположение) Дата на вписване в системата Местоположение - отдел Цена в лева Инвентарен номер Систематично азбучна сигнатура Баркод Цена в евро Служебен тип на артикула
  Не е изгубен Universal Decimal Classification Не е повреден само за читалня Специални фондове ( старопечатни, редки и ценни, фонд М. Арнаудов) 852525 Регионална библиотека "Любен Каравелов" Русе Регионална библиотека "Любен Каравелов" Русе Редки и ценни 2021-09-17 Редки и ценни 0.38 12064 Рб 892 900000042874 0.19 Книги
  Не е изгубен Universal Decimal Classification Не е повреден само за читалня Специални фондове ( старопечатни, редки и ценни, фонд М. Арнаудов) 852526 Регионална библиотека "Любен Каравелов" Русе Регионална библиотека "Любен Каравелов" Русе Редки и ценни 2021-09-17 Редки и ценни 0.13 13051 Рб 892 900000042932 0.07 Книги
Vip Innovations Ltd, Rousse, Bulgaria 2025